000 00396cam a2200145 4500
082 _a363.258
_bHEN
_cD
100 1 _aHenry, E. R.
_949827
245 1 0 _aClassification and uses of finger prints.
260 _aLondon,
_bRoutledge,
_c1900.
300 _aiv, 112 p.
_bplates
526 _a0
_b0
_c0
_d363_258000000000000_HEN
650 0 _aFingerprints.
_927997
650 0 _aMCE
_9379
942 _2ddc
_cBK
999 _c552579
_d552579